000 00355pab a2200145 454500
008 180718b1984 xxu||||| |||| 00| 0 eng d
100 _aMathias, T.A.
245 _aJapan and America
_bDiffering management styles
260 _c1984
300 _a37-44
362 _aMar.
650 _aManagement - Japan
773 _aIndian Management
909 _a13117
999 _c13117
_d13117